03128 2201285 4500001002100000005001500021035002000036001002100056005001500077035002000092035002000112035002000132245007900152100002700231250001700258300003400275260005300309082001000362084001600372020002200388650002400410990001600434990001600450990001600466990001600482990001600498990001600514990001600530990001600546990001600562990001600578990001600594990001600610990001600626990001600642990001600658990001600674990001600690990001600706990001600722990001600738990001600754990001600770990001600786990001600802990001600818990001600834990001600850990001600866990001600882990001600898990001600914990001600930990001600946990001600962990001600978990001600994990001601010990001601026990001601042990001601058990001601074990001601090990001601106990001601122990001601138990001601154990001601170990001601186990001601202990001601218990001601234990001601250990001601266990001601282990001601298990001601314990001601330990001601346990001601362990001601378990001601394990001601410990001601426990001601442990001601458990001601474990001601490990001601506990001601522990001601538990001601554990001601570990001601586990001601602990001601618990001601634990001601650990001601666990001601682990001601698990001601714990001601730990001601746990001601762990001601778990001601794990001601810990001601826INLIS00000000000047220240702111629 a0010-0724000027INLIS00000000000046120240702084929 a0010-0724000025 a0010-0724000022 a0010-07240000161 aAl-Qur'an hadis 1 :bKelas 1 Madrasah Ibtidaiyah /cTicha Fauziyatul Anwar0 aTicha Fauziyatul Anwar acetakan ke-1 axvi, 176 hlm :bilus ;c25 cm aSolo :bPT Tiga Serangkai Pustaka Mandiri,c2020 a2X1.1 a2X1.1 TIC a a978-602-320-932-3 4aBuku Teks Pelajaran a00000002305 a00000002304 a00000002306 a00000002308 a00000002309 a00000002310 a00000002311 a00000002312 a00000002313 a00000002314 a00000002315 a00000002316 a00000002317 a00000002318 a00000002319 a00000002320 a00000002321 a00000002322 a00000002323 a00000002324 a00000002325 a00000002326 a00000002328 a00000002329 a00000002330 a00000002331 a00000002332 a00000002333 a00000002334 a00000002335 a00000002336 a00000002337 a00000002338 a00000002339 a00000002340 a00000002341 a00000002342 a00000002343 a00000002344 a00000002345 a00000002346 a00000002347 a00000002348 a00000002349 a00000002350 a00000002351 a00000002352 a00000002353 a00000002354 a00000002355 a00000002356 a00000002357 a00000002358 a00000002359 a00000002360 a00000002361 a00000002362 a00000002363 a00000002364 a00000002365 a00000002507 a00000002508 a00000002509 a00000002510 a00000002511 a00000002512 a00000002513 a00000002514 a00000002566 a00000002567 a00000002568 a00000002569 a00000002570 a00000002571 a00000002572 a00000002573 a00000002574 a00000002575 a00000002576 a00000002577 a00000002578 a00000002579 a00000002580 a00000005501 a00000005502 a00000005503 a00000005504 a00000005505